[Event "ROM-ch U08"]
[Site "Calimanesti Caciulata"]
[Date "2016.04.20"]
[Round "3"]
[White "Gheorghe, Andrei Calin"]
[Black "Meca, Rares Stefan"]
[Result "0-1"]
[WhiteElo "1030"]
[BlackElo "1163"]
[PlyCount "68"]
[EventDate "2016.04.18"]
[EventType "swiss"]
[EventRounds "9"]
[EventCountry "ROU"]
[SourceTitle "CBM 172 Extra"]
[Source "ChessBase"]
[SourceDate "2016.06.21"]
[SourceVersion "1"]
[SourceVersionDate "2016.06.21"]
[SourceQuality "1"]

1. e4 e5 2. Nf3 Nc6 3. Nc3 Nf6 4. Bc4 Bc5 5. 0-0 0-0 6. d3 d6 7. Bg5 h6 8. Bh4 g5 9. Bg3 Nh5 10. Nd5 Nxg3 11. hxg3 g4 12. Nd2 Be6 13. Re1 Bxd5 14. Bxd5 Qf6 15. Rf1 Rae8 16. Qxg4+ Qg5 17. Qd7 Qxd2 18. Qxc7 Rb8 19. Qd7 Qxc2 20. Qg4+ Kh8 21. Qh5 Qd2 22. g4 Nd4 23. g5 Qxg5 24. Qxg5 hxg5 25. Rfe1 Nc2 26. Rec1 Nxa1 27. Rxa1 Bd4 28. Rb1 b6 29. b3 g4 30. g3 Kg7 31. Kg2 f5 32. exf5 Rxf5 33. Rc1 Rxf2+ 34. Kg1 Rc2+ 0-1